Estructura interna de la pc /
Guardado en:
| Autor Principal: | |
|---|---|
| Formato: | Libro |
| Publicado: |
Buenos Aires :
Hasa,
2004
|
| Edición: | 4a. ed. |
| Materias: | |
| Etiquetas: |
Agregar Etiqueta
Sin Etiquetas, Sea el primero en etiquetar este registro!
|
| LEADER | 01307nam a22002535a 4500 | ||
|---|---|---|---|
| 001 | CEM.cems013236 | ||
| 005 | 20091202094325.0 | ||
| 008 | 130507s2004##################000#0#####d | ||
| 003 | CEMS | ||
| 020 | |a 9505282192 | ||
| 082 | 0 | 4 | |a 001.64 |
| 100 | 1 | |a Hillar, Gastón Carlos | |
| 245 | 1 | 0 | |a Estructura interna de la pc / |c Gastón Carlos Hillar |
| 250 | |a 4a. ed. | ||
| 260 | |a Buenos Aires : |b Hasa, |c 2004 | ||
| 300 | |a 350 p. | ||
| 505 | 0 | |a Funcionamiento básico de una computadora (ordenador) -- La matherboard y microprocesador -- Buses: las autopistas del microprocesador -- La memoria -- Tarjetas y chips de memoria -- Puertos y buses de EIS -- Dispositivos de entrada -- Las tarjetas de video -- Los monitores -- Discos rígidos (discos duros) -- Unidades de diskettes -- Sonido -- Sistemas de almacenamiento -- Gabinetes (cajas) y fuentes de alimentación -- Plug y Play (enchufar y usar) -- Dispositivos de impresión -- Módems analógicos, digitales y comunicaciones -- Sistemas operativos -- El CMOS setup | |
| 653 | |a Computación | ||
| 653 | |a Informática | ||
| 653 | |a Computadoras-estructura | ||
| 653 | |a Sistemas operativos | ||
| 653 | |a Computadoras-dispositivos internos | ||
| 653 | |a Computadoras-dispositivos externos | ||
| 859 | |a CEMS |b BIB. CEMS - 11 de abril |h 001.64 |i H550a4 |p 25741.09 |t Ej.1 | ||
